| Tag |
First Indicator |
Second Indicator |
Subfields |
| LEADER |
00000cam a2200000 a 4500 |
| 001 |
in00000049908 |
| 005 |
20151007075904.0 |
| 008 |
740308s1973 mnua j 00010 engm |
| 010 |
|
|
|a 72007658
|
| 020 |
|
|
|a 0876140363
|
| 035 |
|
|
|a (OCoLC)00841230
|
| 035 |
|
|
|9 AAF3953AM
|
| 040 |
|
|
|a DLC
|c DLC
|d m.c.
|d UtOrBLW
|
| 049 |
|
|
|a [Curr Col] TXAM
|c [1387698]
|
| 050 |
0 |
0 |
|a HC79 P6
|b R67 1973
|
| 082 |
0 |
|
|a 301.44/1
|
| 090 |
|
|
|a HC79 P6
|b R67 1975
|
| 100 |
1 |
|
|a Rosenberg, Janet.
|
| 245 |
1 |
0 |
|a Being poor /
|c by Janet Rosenberg ; illustrations by Nancy Inderieden.
|
| 264 |
|
1 |
|a Minneapolis, Minn. :
|b Carolrhoda Books,
|c [1973]
|
| 264 |
|
3 |
|c 1975 printing
|
| 264 |
|
4 |
|c ©1973
|
| 300 |
|
|
|a 32 unnumbered pages :
|b illustrations ;
|c 24 cm.
|
| 336 |
|
|
|a text
|b txt
|2 rdacontent
|
| 337 |
|
|
|a unmediated
|b n
|2 rdamedia
|
| 338 |
|
|
|a volume
|b nc
|2 rdacarrier
|
| 520 |
|
|
|a Brief text and illustrations describe what it means to be poor.
|
| 650 |
|
0 |
|a Poor
|x Juvenile literature.
|
| 650 |
|
0 |
|a Poverty
|x Juvenile literature.
|
| 650 |
|
1 |
|a Poor.
|
| 650 |
|
1 |
|a Poverty.
|
| 700 |
1 |
|
|a Inderieden, Nancy.
|
| 999 |
|
|
|a MARS
|
| 999 |
f |
f |
|s b9e4b60a-216f-353d-9095-d492d3bae3e8
|i 09c36f14-ed8c-37fb-bfa3-d95315cc980a
|t 0
|
| 952 |
f |
f |
|p ric
|a Texas A&M University
|b Rellis Campus
|c Joint Library Facility
|d Remote Storage
|t 0
|e HC79 P6 R67 1975
|h Library of Congress classification
|i unmediated -- volume
|m A14805939552
|
| 998 |
f |
f |
|a HC79 P6 R67 1975
|t 0
|l Remote Storage
|